<?xml version="1.0" encoding="UTF-8"?>
<collection xmlns="http://www.loc.gov/MARC21/slim">
 <record>
  <leader>00275pamaa2200097   4500</leader>
  <controlfield tag="001">0000053003</controlfield>
  <controlfield tag="005">20140903090000.0</controlfield>
  <controlfield tag="008">140903                             eng  </controlfield>
  <datafield tag="245" ind1="0" ind2="0">
   <subfield code="a">ACI Structural Journal : </subfield>
   <subfield code="b">vol. 108, no. 1-6, 2011; </subfield>
   <subfield code="f">vol. 109, no. 1 &amp; 3, 2012.</subfield>
  </datafield>
  <datafield tag="300" ind1=" " ind2=" ">
   <subfield code="a">27cm.</subfield>
  </datafield>
  <datafield tag="650" ind1="0" ind2="0">
   <subfield code="a">Journal </subfield>
  </datafield>
 </record>
</collection>
